00578nam a2200157 a 450000100100000000500170001000800410002704000250006808200090009310000300010224500940013226000420022630000260026895201090029499900170040300003453820200930073744.0111006s1968 xxu 000 0 spa d aDO-SdBNPbspacBNPHU axxxx1 aBarnet, Richard J.95997410aIntervention and revolution :bthe United States in the Third World /cRichard J. Barnet. aNew York :bWorld Publisina ;,c1968. avii, 302 p. ;c22 cm. 001050718RVaGRbGRcCTd2011-10-06iLF1l0oxxxx p34538-10r2020-06-25w2020-06-25y1ZNo se presta c34029d34029